000
00319nam a2200133Ia 4500
005
20251222143259.0
008
251222s9999||||xx |||||||||||||| ||spa||
020
_a
84-01-33206-0
082
_a
613.25/A78
100
_a
Artigas Garcia, José
245
0
_a
La Dieta Cosmética
264
_b
Plaza & Janés
942
_c
LIB
999
_c
15279
_d
15279